000 00268nam a22001217a 4500
003 SGT
082 _a294.336
_bB16T
100 _aTIRCH, DENNIS
245 _aBUDDHIST PSYCHOLOGY AND CPT
260 _aNEW YORK
_bTHE GUILFORD
_c2016
300 _a266
942 _2ddc
_cBK
999 _c15035
_d15035